ბათუმის შოთა რუსთაველის სახელმწიფო უნივერსიტეტის ბიბლიოთეკა

კალმასობა. ტ. 2 / (ბიბ.ჩანაწერი № 56144)

000 -ლიდერი
ფიქსირებული სიგრძის საკონტროლო ველი 01638nam a2200313Ia 4500
001 - საკონტროლო ნომერი
საკონტროლო ველი 23245
003 - საკონტროლო ნომრის იდენტიფიკატორი
საკონტროლო ველი GE_BSU
005 - ბოლო ოპერაციის თარიღი და დრო
საკონტროლო ველი 20251110181645.0
008 - ფიქსირებული სიგრძის მონაცემთა ელემენტები - ზოგადი ინფორმაცია
ფიქსირებული სიგრძის საკონტროლო ველი 181216s1948||||ge |||||||||||||| ||geo||
040 ## - კატალოგიზაციის წყარო
Transcribing agency GE_BSU
041 ## - ენის კოდი
Language code of text/sound track or separate title geo
080 ## - უნივერსალური ათობითი კლასიფიკაციის ინდექსი
Universal Decimal Classification number 821.353.1-32 + 030=353.1 + 94(479.22)"18"(093.3) + 910.4(479.22) + 910.4(470) + 27-36(479.22) ი-70
100 ## - მთავარი ჩანაწერი - პიროვნების სახელი
Personal name იოანე, ბატონიშვილი
9 (RLIN) 26194
245 ## - ცნობა სათაურის შესახებ
Title კალმასობა. ტ. 2 /
Statement of responsibility, etc იოანე ბატონიშვილი ; კ. კეკელიძის და ალ. ბარამიძის რედ. და წინასიტყვ.
260 ## - გამოქვეყნების, გავრცელების, და სხვა. ცნობები
Date of publication, distribution, etc 1948
264 ## - წარმოების, გამოცემის, დისტრიბუციის და სხვა ცნობები
გამოცემის, წარმოების, დისტრიბუციის... ადგილი ტფილისი :
გამოცემის, წარმოების, დისტრიბუციის... სახელწოდება სახელგამი,
გამოცემის, წარმოების, დისტრიბუციის... თარიღი 1948.
300 ## - ფიზიკური აღწერა
Extent 254 გვ. ;
Dimensions 23 სმ.
653 ## - INDEX TERM--UNCONTROLLED
Uncontrolled term კალმასობა. ტ. 2
653 ## - INDEX TERM--UNCONTROLLED
Uncontrolled term საქართველოს ისტორია
653 ## - INDEX TERM--UNCONTROLLED
Uncontrolled term ქართველი წმინდანები
653 ## - INDEX TERM--UNCONTROLLED
Uncontrolled term მოგზაურობა საქართველოში
653 ## - INDEX TERM--UNCONTROLLED
Uncontrolled term მოგზაურობა რუსეთში
653 ## - INDEX TERM--UNCONTROLLED
Uncontrolled term საქართველოს ახალი ისტორია
653 ## - INDEX TERM--UNCONTROLLED
Uncontrolled term ქართველი წმინდანები
700 ## - ADDED ENTRY--PERSONAL NAME
Personal name კეკელიძე, კ.
Relator term რედაქტორი, წინასიტყვაობის ავტორი
9 (RLIN) 3519
700 ## - ADDED ENTRY--PERSONAL NAME
Personal name ბარამიძე, ალ.
Relator term რედაქტორი, წინასიტყვაობის ავტორი
9 (RLIN) 26195
942 ## - ADDED ENTRY ELEMENTS (KOHA)
Koha item type წიგნი
Source of classification or shelving scheme
ეგზემპლარები
ჩამოწერის სტატუსი დაკარგული ეგზემპლარის სტატუსი კლასიფიკაციის წყარო ან თაროზე გაწყობის სქემა დაზიანების სტატუსი არ გაიცემა მუდმივი მდებარეობა (დაცვის ადგილი) ამჟამინდელი ადგილსამყოფელი თაროზე განთავსების ადგილი შეძენის თარიღი ღირებულება, შესყიდვის ნორმალური ფასი სრული შენახვის შიფრი შტრიხკოდი ბოლო ოპერაციის თარიღი ეგზემპლარის მიმდევრობითი ნომერი (კეტერი?) ფასის ძალაში შესვლის თარიღი ეგზემპლარის სახეობა საჯარო შენიშვნა
          ბათუმის შოთა რუსთაველის სახელმწიფო უნივერსიტეტის მთავარი ბიბლიოთეკა ბათუმის შოთა რუსთაველის სახელმწიფო უნივერსიტეტის მთავარი ბიბლიოთეკა წიგნსაცავი 2018-12-17 2.40 821.353.1-32 + 030=353.1 + 94(479.22) ი-70 28231 2018-12-17 28231 2018-12-17 წიგნი 2.40 ₾.